000 00860nam a2200217Ii 4500
003 JO-AjNU
008 230605s9999||||xx |||||||||||||| ||und||
017 _a1999/7/1163
040 _aJO-AjNU
_bara
_erda
_cJO-AjNU
041 _aara
050 1 4 _aDS109.9.Q824 1999
100 3 _aتاليف الكيلاني، هيثم وآخرون؛ تحرير ابو بكر، توفيق,
_eauthor
_99044
245 0 0 _aالقدس والحال الفلسطيني وقراءات في الأمن القومي العربي
250 _aط1/ الطبعة العربية
264 3 1 _aعمان مؤسسة عبد الحميد شومان، 1999
300 _a163ص
336 _atext
_btxt
_2rdacontent
337 _aunmediated
_bn
_2rdamedia
338 _avolume
_bnc
_2rdacarrier
650 4 _aالقدس- الامن القومي العربي- - فلسطين - تاريخ
_99045
999 _aA1098
_c4666
_d4666